Leader xxxxxxxxxx
001 __ 86022854
005 __ 19941110162947.0
008 __ chi
010 0_ |a957-558-337-X|b上冊:平裝|d新臺幣120元
010 0_ |a957-558-338-8|b下冊:平裝|d新臺幣120元
100 __ |a19940517d1992 cd y0chiy0109 e.
101 1_ |achi |ceng.
102 __ |acw.
105 __ |aa z 000ay.
200 1_ |a飄|e|f瑪格麗特.密契爾原著|g蔡佳如改寫|g呂玉琴圖.
205 __ |a
210 __ |a臺南市|c大千文化|d民81.
215 0_ |a2冊|c圖|d22公分.
225 2_ |a世界文學注音版全集|v32-33.
260 1_ |a1992.
300 __ |a
302 __ |a國語注音.
606 __ |2csh|a西洋小說.
681 __ |a859.6|b4607|y81 v.32-33|v增訂七版.
700 _1 |a密契爾,瑪格麗特|b|f1900年-1948年|4原著.
702 _1 |a蔡|b佳如|4改寫.
702 _1 |a呂|b玉琴|4圖.
|